000 00289nam a2200145Ia 4500
005 20260513122051.0
020 _a9781292428741
100 _aAngwin
365 _c£
365 _b25.00
942 _cBK
245 _aExploring Strategy 13/e
260 _bPearson
999 _c45
_d45